|
|
|
|
| LEADER |
01299nam a2200313 a 4500 |
| 001 |
12880 |
| 003 |
BD-DhAAL |
| 005 |
20150108104121.0 |
| 008 |
150108s1995 miu bf 001 0 eng |
| 010 |
|
|
|a 94074622
|
| 020 |
|
|
|a 0963789716
|
| 040 |
|
|
|a DLC
|c DLC
|d DLC
|d BD-DhAAL
|
| 050 |
0 |
0 |
|a BL82
|b .S58 1995
|
| 082 |
0 |
0 |
|a 291
|2 20
|
| 245 |
0 |
2 |
|a A sourcebook for earth's community of religions /
|c Joel D. Beversluis, project editor.
|
| 246 |
3 |
0 |
|a Source book for earth's community of religions
|
| 250 |
|
|
|a Rev. ed.
|
| 260 |
|
|
|a Grand Rapids, Mich. :
|b CoNexus Press-SourceBook Project ;
|a New York :
|b Global Education Associates,
|c 1995.
|
| 300 |
|
|
|a x, 366 p. ;
|c 28 cm.
|
| 500 |
|
|
|a Rev. ed. of: A sourcebook for the community of religions.
|
| 504 |
|
|
|a Includes bibliographical references and indexes.
|
| 541 |
|
|
|e 12880
|
| 650 |
|
0 |
|a Religions
|v Handbooks, manuals, etc.
|9 7185
|
| 650 |
|
0 |
|a Religions
|x Relations
|v Handbooks, manuals, etc.
|9 7186
|
| 700 |
1 |
|
|a Beversluis, Joel D.
|q (Joel Diederik)
|9 7187
|
| 730 |
0 |
|
|a Sourcebook for the community of religions.
|9 7188
|
| 942 |
|
|
|2 ddc
|c BK
|
| 999 |
|
|
|c 33409
|d 33409
|
| 952 |
|
|
|0 0
|1 0
|2 ddc
|4 0
|6 291_000000000000000_SOU
|7 0
|9 44652
|a BRACUL
|b BRACUL
|c GEN
|d 2015-01-08
|l 0
|o 291 SOU
|p 3010012880
|r 2015-01-08
|t 1
|w 2015-01-08
|y BK
|x Price not available in Register
|